Click the Squares: Small to Large Quiz Stats

 Plays Quiz Updated Jan 26, 2016

Score 0/20 Timer 02:00
1 Play Today
% Correct
2
95.5%
3
95.2%
4
94.3%
1
93.2%
7
92.6%
5
92.1%
6
91.6%
20
91.6%
11
91.3%
15
90.9%
% Correct
18
89.9%
13
89.8%
10
89.7%
19
88.6%
8
87.4%
17
84.3%
16
84.2%
9
80%
14
70.6%
12
66.4%

You're not logged in!

Compare scores with friends on all Sporcle quizzes.
Join for Free
OR
Log In

You Might Also Like...

Show Comments

Extras

Top Quizzes Today


Score Distribution

Your Account Isn't Verified!

In order to create a playlist on Sporcle, you need to verify the email address you used during registration. Go to your Sporcle Settings to finish the process.

Report this User

Report this user for behavior that violates our Community Guidelines.

Details: